Statistieken voor Provincie Luxemburg - Trivia

Klik hier om de quiz te nemen!

Algemene statistieken

  • Deze quiz is 200 keer genomen
  • De gemiddelde score is 11 van 20

Antwoordstatistieken

OmschrijvingAntwoord% Correct
Aangrenzende landenLuxemburg
98%
Aangrenzende landenFrankrijk
96%
Aangrenzende provinciesNamen
93%
Aangrenzende provinciesLuik
92%
Bosrijkgebied dat bijna de hele provincie omvatArdennen
83%
HoofdstadAarlen
76%
"Kleinste stad van België"Durbuy
69%
Vierde stadBastenaken
59%
Belangrijkste rivierOurthe / Semois
58%
Hoogste puntBaraque de {Fraiture}
54%
Bekende leider van de eerste kruistochtGodfried van Bouillon
54%
Belangrijkste snelwegE411 / E25
50%
Vijfde stadVirton
42%
Het zuidelijke deel van de provincie maakt deel uit van deze regioLotharingen
34%
Tweede stadMarche-en-Famenne
34%
Bekend vlees uit deze regioArdeens {Gebraad}
29%
Bekende bocht in de Semois nabij BottasartGraf van de {Reus}
29%
Plaats die bekend is om zijn labyrintsBarvaux
22%
Derde stadAubange
21%
Hier werden belangrijke dolmen gevondenWéris
21%

Scoreverdeling

Percentiel versus Aantal Correcte Antwoorden

Procent van Mensen met Elke Score

Uw Scoregeschiedenis

U heeft deze quiz nog niet genomen